[Event "RUS-ch 66th"]
[Site "Nizhnij Novgorod"]
[Date "2013.10.06"]
[Round "2"]
[White "Nepomniachtchi, Ian"]
[Black "Andreikin, Dmitry"]
[Result "1-0"]
[WhiteElo "2702"]
[BlackElo "2706"]
[Annotator "Friedel,J"]
[PlyCount "71"]
[EventDate "2013.10.05"]
[EventType "tourn"]
[EventRounds "9"]
[EventCountry "RUS"]
[EventCategory "18"]
[SourceTitle "CBM 157"]
[Source "ChessBase"]
[SourceDate "2013.11.12"]
[SourceVersion "1"]
[SourceVersionDate "2013.11.12"]
[SourceQuality "1"]

1. e4 c6 2. d4 d5 3. e5 c5 {This line is more active than the more common 3...
Bf5, as it immediately puts pressure on White's center. It often leads to
French-like structures, which suits a player like Andreikin who has the French
as his main weapon.} 4. dxc5 (4. c3 {Attempting to treat this position like an
Advance French is not so threatening, since Black has the option of developing
his light-squared bishop.} Nc6 5. Nf3 Bg4 {and black has a comfortable game.})
4... Nc6 (4... e6 {is the other main line, and now} 5. a3 Nc6 6. Nf3 {would
transpose to the game.}) 5. a3 {This move is quite rare and a bit sneaky. 5.
Nf3 and Bb5 are the most common moves.} e6 {This is a safest option, and the
game transposes into well known territory.} (5... Nxe5 {is the most principled
move, which leads to unclear play.} 6. b4 g6 7. Bb5+ Bd7 8. Qe2 Bg7 9. Bb2 Bxb5
10. Qxb5+ Qd7 11. Qxd7+ Kxd7 12. Ke2 Bf6 13. Nd2 b6 14. Rd1 bxc5 15. Bxe5 Bxe5
16. Ngf3 Bg7 17. Ne4 e6 18. Nxc5+ Ke7 19. Nd4 Nf6 20. Nc6+ Kd6 21. Na5 Rhc8 22.
Rd3 Nd7 23. Rb1 Ne5 24. Rh3 h5 25. Rd1 Nc6 26. Nxc6 Kxc6 27. Rf3 Rc7 28. Na6
Re7 29. Rb3 Rc8 30. Kd3 Rd7 31. Nc5 Rdd8 32. Ke2 Bf8 33. Rc3 Kb5 34. Kd3 Bxc5
35. bxc5 Kc6 36. Kd4 Rb8 37. Rf3 Rb7 38. Rdd3 Rdd7 39. Rb3 Re7 40. Ke5 Red7 41.
Rxb7 Rxb7 42. h4 a5 43. Kd4 a4 44. c4 Rd7 45. Rf6 dxc4+ 46. Kxc4 Rb7 47. Rf4
Rd7 48. Rf6 Rb7 49. Rf4 Rd7 50. g3 Rb7 51. Rf3 Rd7 52. Rf6 Rb7 53. Rf4 Rd7 54.
Rf3 Rb7 55. Rf4 Rd7 56. Rf6 Rb7 57. f3 Rb3 58. Rxf7 Rxa3 59. Ra7 Rxf3 60. Rxa4
Rxg3 {1/2-1/2 (60) Najer,E (2637)-Landa,K (2639) Germany 2012}) 6. Nf3 Bxc5 7.
b4 Bb6 8. Bb2 {This is the main idea of playing an early a3. White grabs some
space on the queenside and defends the potentially weak pawn on e5.} Nge7 9.
Bd3 Ng6 10. O-O O-O 11. Re1 {This type of position is extremely common in
these lines, even if this exact position has only been reached in a handful of
games. Black has to put pressure on White's center quickly, or else he'll
simply get overrun.} a5 {Black decides to force White's hand on the queenside.}
12. b5 Nce7 {This is technically a novelty, though I find it is by far the
most logical place for the knight.} (12... Nb8 {was played previously, but
this loosens Black's grip on the center, which should allow White to get an
easy advantage with the typical break c4.} 13. c4 Nd7 14. Nbd2 (14. cxd5 exd5
15. Bxg6 hxg6 16. Nc3 {and White is nearly winning.}) 14... Nc5 15. Bf1 Bd7 16.
g3 Qc7 17. Bg2 Rfd8 18. Qe2 Be8 19. Nd4 Rac8 20. h4 Nd7 {1/2-1/2 (20) Fercec,N
(2492) -Bodiroga,P (2405) Sens 2008}) 13. a4 {Up until now, play has been
fairly normal. This is where I believe Black starts to go astray.} Bc5 $6 {
I don't like this idea at all.} (13... f6 {is the standard break in this kind
of position. It looks a bit loose, but I still think Black should give it a
try, as slower plans simply give White time to improve his position.} 14. exf6
gxf6 15. c4 Nf4 (15... e5 {looks nice, but after} 16. cxd5 Nxd5 17. Bc4 Be6 18.
Nc3 {Black has some issues, for example if} Ngf4 19. Nxd5 Bxd5 (19... Nxd5 20.
Qb3 Rc8 21. Rad1 $18) 20. Nxe5 $1 fxe5 21. Qg4+ Ng6 22. Red1 $18) 16. Bf1 e5 {
and Black is at least getting some play.}) 14. Nbd2 Qb6 15. Rf1 {Black has
forced White's rook to f1, but the queen and bishop look ridiculous now.} Qc7
16. Nb3 b6 17. Re1 {Now that the pressure is off, the rook simply moves back
and it is clear Black's position has only worsened.} Bb4 $2 {Black tries to
force a concession out of White, but this really just loses time.} (17... Bb7 {
I prefer this simple developing move, although Black's position is far from
pleasant.}) 18. c3 Bc5 {White's bishop is blocked, but the pawn on e5 is
difficult to attack anyway and the d4 square will make a nice home for White's
knight.} 19. Rc1 (19. h4 {already looked quite strong, but there is no huge
rush.}) 19... Bb7 20. Nbd4 {The computer doesn't like this approach, but White
simply wants to prevent any ideas of f6. If Black can't get this freeing move
in, an eventual kingside assault will be the end.} Rae8 21. Rc2 {White wants
to get his dark-squared bishop in the game by means of Bc1.} Nf4 22. Bf1 Nf5 {
Black's knights look active, but this is just an illusion, and they get chased
back in short order.} 23. Bc1 Ng6 24. Bd3 {Black's flurry of activity is over,
and now it is White's turn.} Bc8 25. g3 {White prepares the final assault.
Black is helpless..} h6 (25... f6 26. exf6 gxf6 27. Bxf5 exf5 28. Bh6 {does
not help Black's cause.}) (25... Bd7 {trying to play f6 was perhaps Black's
only try, but it looks grim.}) 26. h4 {Now Black has absolutely no defense.}
Qd8 27. h5 Nge7 28. Nb3 $1 {Nepomniatchi is precise to the last. He won't
allow Black to trade any pieces, and now g4 will simply win the knight.} Nxg3 {
Black is desperate, and there was nothing better.} 29. Nxc5 Nxh5 30. Nh2 bxc5
31. Qxh5 {Black has no compensation for the piece and is still getting
attacked. It is only a question of when Andreikin wants to end the suffering.}
c4 32. Bf1 Nf5 33. Ba3 d4 34. Bg2 d3 35. Rd2 Ne7 36. Qg4 {It isn't often you
see a player as strong as Andreikin lose without a fight. Black played too
slowly and once White improved his position enough it was basically over. An
impressive win!} 1-0

[Event "EU-ch 15th"]
[Site "Yerevan"]
[Date "2014.03.11"]
[Round "8"]
[White "Perunovic, Milos"]
[Black "Riazantsev, Alexander"]
[Result "1-0"]
[WhiteElo "2617"]
[BlackElo "2689"]
[Annotator "Marjanovic,S"]
[PlyCount "99"]
[EventDate "2014.03.03"]
[EventType "swiss"]
[EventRounds "11"]
[EventCountry "ARM"]
[SourceTitle "CBM 160"]
[Source "ChessBase"]
[SourceDate "2014.05.15"]
[SourceVersion "1"]
[SourceVersionDate "2014.05.15"]
[SourceQuality "1"]

1. e4 c6 2. d4 d5 3. e5 c5 4. Ne2 {The strongest grandmasters have played 4.
dxc5 or 4.Nf3, while 4.c4 deserves attention} cxd4 ({A better move was} 4...
Nc6 $1 5. c3 {and Black has two ways to equalise:} cxd4 (5... Bf5 6. dxc5 Nxe5
(6... e6 7. b4 $14) 7. Nd4 (7. Ng3 Bc8 8. Bb5+ Nc6) 7... Bd7 8. Qh5 Qb8 9. Bf4
Nd3+ 10. Bxd3 Qxf4 11. O-O (11. Ne2 Qc7 12. Qxd5 e6 $15) 11... Nf6 12. Qe2 g6
$11) 6. cxd4 Bf5 (6... Bg4) 7. Nbc3 e6 8. Ng3 Bg6 $11 9. Be3 (9. Bb5 Nge7 10.
Bg5 h6 11. Bxe7 Bxe7 12. O-O {1/2-1/2 (12) Movsesian,S (2659)-Sakaev,K (2664)
Istanbul 2003}) 9... Nge7 10. h4 h6 11. h5 Bh7 12. Bd3 Bxd3 13. Qxd3 Qd7 (13...
Nc8) 14. Nce2 (14. O-O) 14... Rc8 15. O-O Nb4 16. Qb3 Nec6 17. Rac1 Be7 18. f4
O-O 19. f5 Na5 20. Qd1 Nc4 21. Bxh6 gxh6 22. f6 Bd8 (22... Kh7 23. fxe7 Qxe7
24. Rc3 $16 Qg5 25. Rf6 Nxb2 26. Qb1+ (26. Rxc8 Rxc8 27. Rxf7+ Kh8 28. Qf1 $18)
26... N4d3 27. Rxd3 Nxd3 28. Qxd3+ Kg7 29. Nf4 Rc1+ 30. Kh2 (30. Nf1 $1) 30...
Qh4+ 31. Nh3 Rfc8 32. Qe3 {1-0 (32) Vachier Lagrave,M (2711)-Jerez Perez,A 
(2411) Leon 2012}) 23. b3 Nxe5 24. dxe5 Bb6+ 25. Kh1 $11) 5. Nxd4 Nc6 6. c4 e6
(6... Nxe5 7. cxd5 Nf6 (7... Qxd5 8. Nc3 Qd8 9. Bf4 Ng6 10. Qf3 $32) 8. Nc3 a6
9. Bf4 Ng6 10. Be3 $14) (6... dxc4 7. Nxc6 Qxd1+ 8. Kxd1 bxc6 9. Bxc4 Bf5 10.
Nc3 e6 11. Ke2 $14) 7. Nc3 Bc5 (7... Bb4 8. Nxc6 bxc6 9. Qa4 a5 (9... Qb6 10.
Be3 $14) 10. cxd5 Qxd5 11. Qxb4 axb4 12. Nxd5 cxd5 13. Bd2 $14) 8. Nxc6 bxc6 9.
cxd5 ({It was worth considering} 9. Qg4 $5 Ne7 10. Qxg7 Ng6 11. Be2 Bf8 12. Qf6
Be7 13. Qf3 d4 $5 (13... Nxe5 14. Qh5 (14. Qg3 Ng6 15. O-O Bd6 $13 {Postny, E})
14... Nxc4 (14... Ng6 15. O-O $14) 15. Bxc4 dxc4 16. O-O Qd3 17. Qg4 $14) (
13... Qc7 14. O-O Qxe5 15. cxd5 exd5 16. Re1 $14) 14. Nb5 $5 (14. Ne4 Qa5+ 15.
Kf1 Qxe5 $13) 14... Bb4+ (14... O-O 15. Bh6 $14) (14... Bb7 15. Nd6+ Bxd6 16.
exd6 Qxd6 17. O-O $14) 15. Bd2 Bxd2+ 16. Kxd2 $14) 9... cxd5 10. b4 $1 {
With the initiative.} Bb6 (10... Be7 $5 11. Be3 (11. Rb1 Bd7 12. Be2 f6 (12...
Qc7 13. Nb5 Qb8 $1 (13... Qxe5 14. Bb2 Qe4 15. O-O Kf8 16. Qd2 $14) 14. Nd6+
Bxd6 15. exd6 Nf6 16. Be3 Ne4 17. Bd4 $13) 13. Bf4 fxe5 14. Bxe5 Bf6 $11) 11...
Bd7 (11... Nh6 12. Bd3) 12. a3 Qb8 (12... Nh6 13. Bd3) 13. f4 Nh6 14. Bd3 $14)
(10... Bf8 11. a3 $14) 11. Nb5 f6 $6 $146 {A dubious novelty.} (11... Bc7 12.
Bb2 Ne7 13. Bd3 Bb8 $5 (13... a6 14. Nxc7+ Qxc7 15. O-O $14 {Naiditsch, A 2710
- Khenkin, Igor 2605, Dortmund 2013}) 14. O-O O-O 15. Qe2 $14) (11... Qh4 $1 {
recommended by GM Postny} 12. Qf3 f6 (12... Qxb4+ $6 13. Bd2 Qe4+ 14. Qxe4 dxe4
15. Nd6+ Kf8 16. Bb5 $36 {Postny, E}) 13. Qf4 (13. Ba3 $5 Nh6 14. Nd6+ Kf8 15.
Rc1 (15. exf6 Qxf6 16. Qxf6+ gxf6 $13 {Postny, E}) 15... Bd7 16. exf6 Qxf6 17.
Qxf6+ gxf6 18. Nb7 Kf7 $11) 13... Qxf4 14. Bxf4 $14) 12. Nd6+ (12. Bb2 fxe5 13.
Qh5+) 12... Ke7 (12... Kf8 13. Bb2 $16) 13. Bb2 Bc7 14. Qg4 Kf8 (14... g6) 15.
Nxc8 f5 (15... Qxc8) 16. Qd4 $16 {White has the better position. He has the
pair of bishops and a possibility of creating a passed pawn on the queenside.}
Rxc8 17. Ba6 Rb8 (17... Bb6 18. Qd3 $16) 18. Rc1 Ne7 19. O-O Kf7 20. a4 Rb6 (
20... Bb6 21. Qd2 $16) 21. b5 Rb8 22. Ba3 Bb6 23. Qd3 (23. Qd2 Ba5 24. Qd3 $16)
23... Ng6 24. Bd6 Qg5 25. Qf3 (25. g3) (25. Bxb8 Rxb8 26. Qa3) 25... Rhd8 $2 {
An unnecessary sacrifice.} ({It was better to play} 25... Rbd8 26. Bb7 f4 {
with an almost equal position.}) 26. Rc6 Ne7 (26... Rxd6 27. exd6 Rd8 28. Bc8
Ne5 29. Bxe6+ Kxe6 30. Re1 Bd4 31. d7+ Kxd7 32. Qxd5+ Ke8 33. Rxe5+ Bxe5 34.
Qxe5+ $18) 27. Rc2 ({There is an immediate win after} 27. Qc3 $1 Qf4 28. g3
Qxa4 29. Rc7 $18) 27... Ra8 28. Rfc1 (28. Qa3 $1 {also wins:} Ng6 (28... Nc8
29. Bb4 $18) 29. a5 (29. Bb7 $18) 29... Bd4 30. Bb7 $18) 28... Rd7 29. Qa3 Ng6
30. Bc8 (30. a5 Bd8 31. g3 $18) 30... Rd8 31. a5 {Missing another opportunity
to win:} (31. Bb7 $1 Rxd6 (31... Rab8 32. Bxb8 Rxb8 33. Bxd5 $18) 32. exd6 Rd8
33. a5 $18) 31... Raxc8 (31... Bxf2+ 32. Kf1 Be3 33. Rc7+ Kg8 34. Bxe6+ Kh8 35.
Bxd5 $18) 32. axb6 $2 {A mistake in a better position.} (32. Rxc8 Rxc8 33. Rxc8
Qd2 34. Qc1 Qxf2+ 35. Kh1 Bxa5 36. Qg1 $16) 32... Nf4 $6 ({A dubious move
because Black could equalise with} 32... Rxc2 33. Rxc2 (33. Qxa7+ Kg8 34. Rxc2
Nh4) 33... axb6 $11) 33. g3 Ne2+ $2 {One more mistake, and White again has a
decisive advantage.} (33... Rxc2 34. Rxc2 axb6 35. Kf1 $14) 34. Kg2 Nxc1 35.
Rxc8 Rxc8 36. b7 $18 {White has a decisive advantage.} Re8 37. Qxa7 Kg6 38.
b8=Q Rxb8 39. Qxb8 Nd3 (39... h6 40. Qg8) 40. Qe8+ Kh6 41. Qxe6+ Kh5 42. Qe7 (
42. Qf7+ Kh6 43. h3) 42... Ne1+ 43. Kf1 Qc1 44. Qf7+ Kh6 45. Qxf5 Qd1 46. e6
Nf3+ 47. Kg2 Ne1+ 48. Kh3 Nf3 49. Bf4+ g5 50. Qf6+ 1-0

[Event "EU-Cup 31st"]
[Site "Skopje"]
[Date "2015.10.20"]
[Round "3.3"]
[White "Caruana, Fabiano"]
[Black "Jobava, Baadur"]
[Result "1-0"]
[WhiteElo "2796"]
[BlackElo "2683"]
[Annotator "Roiz,M"]
[PlyCount "63"]
[EventDate "2015.10.18"]
[EventType "team-swiss"]
[EventRounds "7"]
[EventCountry "MKD"]
[SourceTitle "CBM 169"]
[Source "ChessBase"]
[SourceDate "2015.11.10"]
[SourceVersion "1"]
[SourceVersionDate "2015.11.10"]
[SourceQuality "1"]
[WhiteTeam "Socar"]
[BlackTeam "Belorechensk"]
[WhiteTeamCountry "AZE"]
[BlackTeamCountry "RUS"]

1. e4 c6 2. d4 d5 3. e5 c5 (3... Bf5 {is much more popular nowadays, but
Fabiano must be well prepared for Baadur's choice.}) 4. Nf3 cxd4 5. Nxd4 e6 6.
c4 {The most common continuation. White is trying to exploit some delay with
the development of Black's pieces and open up the position.} ({The more
consistent way of development is based on protecting the Pe5, which promises
White a definite space advantage:} 6. Nd2 Nc6 7. N2f3 Nge7 8. Bd3 Ng6 (8... Bd7
9. O-O Ng6 10. Nxc6 bxc6 11. c4 Be7 12. Be3 Qb8 13. Bxg6 hxg6 14. Qc2 a5 15.
Rfc1 O-O 16. Qe2 Rc8 17. Rc3 Qc7 18. Rac1 $14 {1/2 Radjabov,T (2744)-Carlsen,M
(2775)/Bilbao 2008/CBM 126 (53)}) 9. Nxc6 bxc6 10. O-O Be7 11. c4 O-O 12. Qc2
c5 13. h4 Bxh4 14. cxd5 Bb7 $6 (14... exd5 $142 15. Nxh4 Qxh4 16. Qxc5 d4 $132)
15. dxe6 Bxf3 16. exf7+ Rxf7 17. Bxg6 hxg6 18. gxf3 $14 {1-0 Bologan,V (2690)
-Khenkin,I (2614)/Sibenik 2010/CBM 138 Extra (48)}) ({Another possible plan is
connected with an exchange on c6:} 6. Bd3 Nc6 7. Nxc6 bxc6 8. O-O Ne7 9. c4 Ng6
10. Qe2 (10. f4 Bc5+ 11. Kh1 O-O 12. Nd2 a5 $132 {1-0 Nisipeanu,L (2690)-Kiik,
K (2444)/Fuegen 2006/CBM 115 (34)}) 10... Be7 11. f4 O-O 12. Nd2 a5 13. Nf3 Ba6
14. Be3 a4 15. Rac1 $14 {1-0 Karjakin,S (2727)-Short,N (2655)/Kiev 2008/CBM
125 Extra (37)}) 6... Bb4+ {This move seems very logical - it definitely makes
sense to remove the bishop from f8 in order to put the knight on e7 later on.}
({Another logical continuation is:} 6... Bc5 $5 7. Nc3 Ne7 8. Be3 Bb6 (8...
Bxd4 9. Bxd4 O-O 10. cxd5 exd5 11. Bb5 Bd7 12. Be2 Nbc6 13. O-O Be6 14. Nb5 a6
15. Nd6 $14 {1-0 Karjakin,S (2727)-Short,N (2655)/Kiev 2008/CBM 125 Extra (59)}
) 9. Be2 (9. Qg4 $6 O-O 10. Rd1 Nbc6 11. Nxc6 bxc6 12. c5 Bc7 $15 {0-1
Perunovic,M (2614)-Wang Hao (2712)/Baku AZE 2015 (49)}) 9... dxc4 10. Bxc4 O-O
11. O-O Qc7 12. Bd3 Qxe5 13. Re1 $44) ({On the other hand, the most natural
developing move} 6... Nc6 {seems somewhat premature:} 7. Nc3 Bb4 8. Nxc6 bxc6
9. Qa4 Bxc3+ 10. bxc3 Qc7 11. Be2 Bd7 12. O-O Ne7 13. Ba3 c5 14. Qa6 $14 {
1/2 Inarkiev,E (2597)-Kharitonov,A (2535)/Moscow 2006/CBM 111 ext (59)}) 7. Bd2
{In general, the exchange of dark-squared bishops would suit White, since
Black's other bishop remains passive. However, in this particular position
Black doesn't face any serious problems.} ({The alternative} 7. Nc3 {could
lead to a more complex battle:} Ne7 8. Be2 ({The over-aggressive} 8. h4 $6 {
only invites troubles:} Nbc6 9. a3 Bxc3+ 10. bxc3 Nxe5 $15 {1/2 Rogers,J (2277)
-Arkell,K (2497)/Hinckley Island ENG 2015}) 8... Nbc6 9. O-O O-O 10. Nf3 {
, but Black is doing reasonably well here.}) 7... Bxd2+ 8. Qxd2 Ne7 9. Nc3 Nbc6
{A natural novelty. It looks like some lead in development and pressure on the
Pe5 enables Black to solve all his problems.} ({The previously played} 9... O-O
10. O-O-O Nbc6 {also looks perfectly playable:} 11. f4 Nxd4 12. Qxd4 Qa5 13.
Kb1 Bd7 14. cxd5 exd5 $132 {1/2 Bologan,V (2682)-Okkes,M (2359)/Kallithea 2008}
) 10. cxd5 ({After} 10. O-O-O O-O {the game could have transposed to
Bologan-Okkes.}) 10... exd5 {Some vulnerablity of Black's isolated pawn is
fully compensated for by active piece play.} 11. f4 (11. Nxc6 bxc6 12. Bd3 O-O
13. O-O Bf5 14. Bxf5 Nxf5 15. Na4 f6 $11) 11... O-O 12. O-O-O {A risky
decision, since White's king is not safe on the q-side.} ({Objectively,
Fabiano should have opted for} 12. Rd1 Be6 13. Nf3 f6 14. exf6 Rxf6 {with an
approximately balanced position.}) 12... Nxd4 13. Qxd4 Nf5 $2 {Now White's
ambitious idea is fully justified - Black fails to get adequate compensation
for a pawn.} ({At the same time, after} 13... Be6 {Black would have a great
position. For instance,} 14. Bd3 Nc6 15. Qa4 (15. Qf2 d4 $36) 15... Qb6 ({
Possibly, Black even may claim more than equality after} 15... a5 $5) 16. f5 d4
17. fxe6 dxc3 18. exf7+ Rxf7 19. bxc3 Nxe5 20. Bc2 Kh8 $11) 14. Qxd5 Qb6 15.
Qe4 $1 {White's queen is on the perfect spot now.} Be6 16. Bd3 $2 {This
natural move turns out to be a serious mistake - Black gets a good chance to
exploit the lack of harmony in White's camp.} ({A much stronger move was:} 16.
g4 $1 Ne3 (16... Qe3+ 17. Rd2 Qxe4 18. Nxe4 Ne3 19. Nd6 $16) 17. Rd6 Qc5 18.
Bd3 g6 19. f5 gxf5 20. Qf4 $1 Nxg4 21. Bxf5 Qe3+ 22. Qxe3 Nxe3 23. Bxe6 fxe6
24. Ne4 $16) 16... h5 {Baadur reasonably prevents White from pushing g2-g4.} ({
However, even stronger was:} 16... g6 $1 {White has nothing better than giving
the extra pawn back and liquidating into an equal endgame:} 17. g4 ({Black's
initiative is too strong after} 17. Bc2 $6 Rac8 18. Rd2 Rc4 19. Qf3 Rfc8 $36)
17... Ne3 18. f5 gxf5 19. gxf5 Bxf5 20. Qf3 Bg6 21. Rde1 Bxd3 22. Qxe3 Qxe3+
23. Rxe3 Bg6 $11) 17. Kb1 g6 18. Bc2 (18. Na4 $5 {deserves some attention,} {
though after} Qa5 19. b3 Rac8 20. Qe1 Qc7 $44 {Black's counterplay shouldn't
be underestimated anyway.}) 18... Rad8 19. Nd5 {The most practical choice - It
definitely makes sense to reduce Black's attacking potential and change the
character of play.} (19. Qf3 Nd4 20. Qf2 Qb4 21. a3 Qc4 22. Bd3 Qb3 $44) 19...
Qf2 {That move is not that bad, but the queen has little it can achieve in
White's camp.} ({It was better to get a rid of the centralised knight:} 19...
Bxd5 20. Rxd5 Rxd5 21. Qxd5 {and now} Ne3 $1 {offers Black sufficient
counterplay:} 22. Qe4 (22. Qb3 Qxb3 23. Bxb3 Nxg2 24. f5 Nh4 25. Rg1 Kh7 26.
fxg6+ Nxg6 27. Rg5 h4 $11) 22... Rd8 23. Bb3 Rd4 24. Qf3 Rd2 25. Rc1 Qd4 26.
Rc3 Rxg2 27. Bxf7+ Kxf7 28. Qxb7+ Ke6 29. Qc8+ Qd7 30. Qxd7+ Kxd7 31. Rxe3 Rxh2
32. Rg3 Rf2 $11) 20. Bb3 {As a result, Fabiano manages to consolidate his
position.} Kg7 ({The following tactical trick leads only to simplifications:} 
20... Rxd5 21. Bxd5 Ng3 22. Qf3 Bf5+ 23. Ka1 Nxh1 24. Rxh1 $16) 21. Rhf1 Qc5
22. Rfe1 a5 (22... b5 $1 23. Nf6 Nd6 24. Qf3 Nc4 25. Ne4 Qb4 26. a3 Nxe5 $1 27.
fxe5 Rxd1+ 28. Qxd1 Qxb3 $11) 23. Rc1 (23. Nf6 Nd6 24. Qd4 Bf5+ 25. Ka1 Qxd4
26. Rxd4 Nb5 27. Rxd8 Rxd8 28. Rd1 Nd4 29. Ne8+ Rxe8 30. Rxd4 g5 {The
vulnerablity of his back rank doesn't leave White real chances for converting
his extra pawn into a full point.}) 23... Qf2 ({For the second time in this
game, GM Jobava fails to evaluate the consequences of exchanging queens.
Correct was:} 23... Bxd5 $1 24. Rxc5 Bxe4+ 25. Rxe4 Rd2 {and it looks like
White has no reason to claim an advantage:} 26. Rc2 (26. Rxa5 Rxg2 27. Ra7 Rxh2
28. Rxb7 h4 {looks dangerous for White.}) 26... Rd1+ 27. Rc1 Rd2 28. Rc7 Rxg2
29. e6 Rg1+ 30. Kc2 Rg2+ $11) 24. Re2 Qa7 $2 {According to his uncompromising
style, Baadur prefers to maintain the pressure, but White is able to exploit
the poor placement of Black's queen.} ({A much better move was:} 24... Qd4 25.
Nc7 Qxe4+ 26. Rxe4 Bxb3 27. axb3 Rd2 28. e6 Kf6 $1 $14 {and the activity of
Rd2 offers Black excellent drawing chances.}) 25. Nc7 $1 {Most probably, this
strong move was underestimated by GM Jobava. The knight is supporting the
e5-e6 advance, so Black's king is in danger.} Bxb3 26. axb3 Rd4 $2 {A decisive
mistake.} ({The only way to put up resistance was:} 26... Rd7 $1 27. e6 Re7 28.
Qe5+ Kh7 $16 {White is a pawn up, but the resulting position is rather
unbalanced, so Black should have definite counterplay.}) 27. Qf3 a4 {Black's
counterplay looks serious, but...} ({Now it was too late for:} 27... Rd7 28. e6
Re7 29. Re5 $1 $18 {and White is dominating over the board.}) 28. e6 $1 {
Just in time!} axb3 ({Baadur misses the last practical chance:} 28... Rc8 29.
exf7 Rxc7 30. Rxc7 Rd1+ {would force White to find a couple of precise moves:}
31. Rc1 Rxc1+ 32. Kxc1 Qg1+ 33. Kd2 Qd4+ 34. Kc2 Qc5+ 35. Kd1 (35. Qc3+ $4 Nd4+
36. Kd3 Qxc3+ 37. bxc3 Nxe2 38. Kxe2 a3 $19) 35... Qd4+ 36. Rd2 Qg1+ 37. Kc2
Nd4+ 38. Rxd4 Qxd4 39. Qc3 $18) 29. Qxb3 Ra4 30. Qc3+ {Covering the key
a1-spot with tempo.} Nd4 (30... Kh7 {was also hopeless:} 31. b3 Rxf4 32. Nd5
Rd4 33. e7 $18) 31. b3 Kh7 32. Rd2 ({Black resigns in view of:} 32. Rd2 Nxb3
33. Qxb3 Ra1+ 34. Kb2 Rxc1 35. Kxc1 $18) 1-0